[Event "Oberliga Nord N 1920"]
[Site "Germany"]
[Date "2021.08.15"]
[Round "9.5"]
[White "Frohberg, Marco"]
[Black "Skaanning Pedersen, Kim Henrik"]
[Result "0-1"]
[WhiteElo "2208"]
[BlackElo "2276"]
[PlyCount "168"]
[EventDate "2019.09.29"]
[EventType "team-tourn"]
[EventRounds "9"]
[EventCountry "GER"]
[SourceTitle "EXT 2023"]
[Source "ChessBase"]
[SourceDate "2022.10.05"]
[SourceVersion "1"]
[SourceVersionDate "2022.10.05"]
[SourceQuality "1"]
[WhiteTeam "Luebeck SV"]
[BlackTeam "Preetz"]
[WhiteTeamCountry "GER"]
[BlackTeamCountry "GER"]

1. Nf3 c5 2. c4 g6 3. Nc3 Nc6 4. g3 Bg7 5. Bg2 d6 6. 0-0 e5 7. d3 Nge7 8. Ne1 Be6 9. Nd5 0-0 10. Nc2 Rb8 11. Bd2 b5 12. b3 h6 13. Rb1 Kh7 14. a4 b4 15. h3 Qd7 16. Kh2 f5 17. f4 e4 18. Nce3 Rbe8 19. Bc1 Nd4 20. Nxe7 Rxe7 21. Nd5 Bxd5 22. cxd5 exd3 23. e3 Ne2 24. Qxd3 Nc3 25. Rb2 Rfe8 26. Rc2 Bf6 27. Bf3 Rc8 28. Rg2 Rce8 29. Rfg1 Rg7 30. g4 Ne4 31. Qc2 Bc3 32. Qd3 Qf7 33. Kh1 Qe7 34. gxf5 gxf5 35. Rxg7+ Bxg7 36. Qe2 Bc3 37. Qg2 Qg7 38. Qc2 Qf7 39. Bb2 Qxd5 40. Bxc3 bxc3 41. Rd1 Qe6 42. Kh2 Qf6 43. Rc1 Qh4 44. Bxe4 Rxe4 45. Rd1 Re6 46. Rg1 Qf6 47. Qd3 Re7 48. Qd5 Qe6 49. Qg2 d5 50. h4 d4 51. e4 d3 52. Qg3 fxe4 53. Kh1 e3 54. f5 Qf7 55. f6 Re6 56. Qg4 Rxf6 57. Qe4+ Kh8 58. Qxd3 Qb7+ 59. Rg2 Qf3 60. Qd7 Qf1+ 61. Kh2 Qf4+ 62. Kg1 Rf7 63. Qc8+ Rf8 64. Qxc5 Qf1+ 65. Kh2 Qf4+ 66. Kg1 Qf1+ 67. Kh2 Qf6 68. Qxe3 Qxh4+ 69. Kg1 Qf6 70. Qc5 Rd8 71. Rf2 Qg5+ 72. Qxg5 hxg5 73. Rc2 Rd3 74. b4 Kg7 75. b5 Kf6 76. a5 Ke5 77. b6 axb6 78. a6 Kd4 79. Ra2 Re3 80. a7 Re8 81. a8Q Rxa8 82. Rxa8 c2 83. Rc8 Kd3 84. Kf2 Kd2 0-1

[Event "Oberliga Nord N 1920"]
[Site "Germany"]
[Date "2019.11.24"]
[Round "3.6"]
[White "Skaanning Pedersen, Kim Henrik"]
[Black "Ghadimi, Mohammed Reza"]
[Result "1/2-1/2"]
[WhiteElo "2248"]
[BlackElo "2095"]
[PlyCount "86"]
[EventDate "2019.09.29"]
[EventType "team-tourn"]
[EventRounds "9"]
[EventCountry "GER"]
[SourceTitle "CBM 195 Extra"]
[Source "ChessBase"]
[SourceDate "2020.05.31"]
[SourceVersion "1"]
[SourceVersionDate "2020.05.31"]
[SourceQuality "1"]

1. e4 c6 2. Nc3 d5 3. Nf3 Bg4 4. h3 Bxf3 5. Qxf3 e6 6. Be2 dxe4 7. Nxe4 Nd7 8. d4 Ngf6 9. 0-0 Nxe4 10. Qxe4 Nf6 11. Qd3 Bd6 12. Rd1 Qc7 13. c4 0-0 14. Qb3 Rab8 15. Qf3 b6 16. Bg5 Be7 17. Rd2 Ne4 18. Qxe4 Bxg5 19. Rd3 Rfe8 20. Rad1 f5 21. Qf3 g6 22. Bf1 Rbd8 23. g3 Bf6 24. b3 c5 25. dxc5 bxc5 26. Rxd8 Rxd8 27. Rxd8+ Bxd8 28. Qa8 Kg7 29. Bg2 Bf6 30. Qe8 Qd6 31. Bf3 Qe7 32. Qc6 e5 33. Qb7 e4 34. Qxe7+ Bxe7 35. Bd1 Kf6 36. f4 exf3 37. Bxf3 g5 38. Kf2 Bd6 39. g4 f4 40. Ke2 Ke5 41. Kd3 h6 42. Bd5 Be7 43. Bf3 Bd6 1/2-1/2

[Event "DEN-chT 1819 57th"]
[Site "Denmark"]
[Date "2019.02.24"]
[Round "7.1"]
[White "Skaanning Pedersen, Kim Henrik"]
[Black "Rathlev, Jakob"]
[Result "1/2-1/2"]
[WhiteElo "2216"]
[BlackElo "2263"]
[PlyCount "41"]
[EventDate "2018.10.27"]
[EventType "team-tourn"]
[EventRounds "9"]
[EventCountry "DEN"]
[SourceTitle "CBM 189 Extra"]
[Source "ChessBase"]
[SourceDate "2019.06.03"]
[SourceVersion "1"]
[SourceVersionDate "2019.06.03"]
[SourceQuality "1"]
[WhiteTeam "Evans"]
[BlackTeam "Jetsmark"]
[WhiteTeamCountry "DEN"]
[BlackTeamCountry "DEN"]

1. Nf3 d5 2. c4 e6 3. b3 Nf6 4. g3 Be7 5. Bg2 0-0 6. 0-0 b6 7. Bb2 Bb7 8. e3 c5 9. cxd5 exd5 10. d4 Nc6 11. Qe2 Nb4 12. Nc3 Ba6 13. Nb5 Qe8 14. a4 Ne4 15. Rfc1 Nd6 16. Nxd6 Bxd6 17. Qd2 Nd3 18. Rd1 c4 19. bxc4 Nxb2 20. Qxb2 Bxc4 21. Nd2 1/2-1/2

[Event "DEN-chT 1819 57th"]
[Site "Denmark"]
[Date "2018.10.28"]
[Round "2.2"]
[White "Boe, Mads"]
[Black "Skaanning Pedersen, Kim Henrik"]
[Result "1-0"]
[WhiteElo "2304"]
[BlackElo "2216"]
[PlyCount "75"]
[EventDate "2018.10.27"]
[EventType "team-tourn"]
[EventRounds "9"]
[EventCountry "DEN"]
[SourceTitle "EXT 2023"]
[Source "ChessBase"]
[SourceDate "2022.10.05"]
[SourceVersion "1"]
[SourceVersionDate "2022.10.05"]
[SourceQuality "1"]
[WhiteTeam "Skanderborg Nordea"]
[BlackTeam "Evans"]
[WhiteTeamCountry "DEN"]
[BlackTeamCountry "DEN"]

1. e4 g6 2. d4 Bg7 3. Nc3 c6 4. Nf3 d6 5. a4 Nf6 6. h3 0-0 7. Be3 Nbd7 8. Qd2 Qc7 9. Be2 b6 10. 0-0 a6 11. Rfe1 Bb7 12. e5 Nd5 13. Nxd5 cxd5 14. exd6 Qxd6 15. Bf4 Qc6 16. Bd3 e6 17. Bh6 Qd6 18. Bf4 Qc6 19. Ra3 Rfc8 20. Qe2 Nf6 21. c3 Qe8 22. Raa1 Ra7 23. Be5 Bc6 24. a5 b5 25. Bf4 Qe7 26. Nd2 b4 27. Rec1 bxc3 28. Rxc3 Qb7 29. Rb3 Qa8 30. Nf3 Rb7 31. Rb6 Rxb6 32. axb6 Bb7 33. Rxa6 Bxa6 34. Bxa6 Re8 35. b7 Qa7 36. Qb5 Bf8 37. b8Q Rxb8 38. Bxb8 1-0

[Event "Fredericia Glenco"]
[Site "Fredericia"]
[Date "2013.05.04"]
[Round "7"]
[White "Teplyi, Igor"]
[Black "Skaanning Pedersen, Kim Henrik"]
[Result "1/2-1/2"]
[WhiteElo "2410"]
[BlackElo "2273"]
[PlyCount "71"]
[EventDate "2013.05.01"]
[EventType "tourn"]
[EventRounds "9"]
[EventCountry "DEN"]
[EventCategory "5"]
[SourceTitle "CBM 154 Extra"]
[Source "ChessBase"]
[SourceDate "2013.06.25"]
[SourceVersion "2"]
[SourceVersionDate "2013.06.25"]
[SourceQuality "1"]

1. d4 Nf6 2. Nf3 b6 3. g3 Bb7 4. Bg2 g6 5. 0-0 Bg7 6. Nbd2 0-0 7. Re1 c5 8. dxc5 bxc5 9. e4 Nc6 10. c3 Qc7 11. Nb3 d6 12. Bf4 Nd7 13. Qc2 a5 14. Rad1 Rab8 15. Nbd2 Ba6 16. Bf1 Qb7 17. Bxa6 Qxa6 18. b3 a4 19. Nc4 axb3 20. axb3 Qb5 21. Rb1 Rb7 22. h4 Ra8 23. h5 Rba7 24. h6 Ra2 25. Qd3 Bf6 26. Bg5 Na5 27. e5 dxe5 28. Red1 Nf8 29. Ncxe5 Qxd3 30. Nxd3 Bxg5 31. Nxg5 f6 32. Ne4 c4 33. bxc4 Nxc4 34. Nf4 Kf7 35. Rb7 R8a7 36. Rb8 1/2-1/2

[Event "Fredericia Glenco"]
[Site "Fredericia"]
[Date "2013.05.02"]
[Round "2"]
[White "Andersson, Bjorn"]
[Black "Skaanning Pedersen, Kim Henrik"]
[Result "1/2-1/2"]
[WhiteElo "2277"]
[BlackElo "2273"]
[PlyCount "79"]
[EventDate "2013.05.01"]
[EventType "tourn"]
[EventRounds "9"]
[EventCountry "DEN"]
[EventCategory "5"]
[SourceTitle "CBM 154 Extra"]
[Source "ChessBase"]
[SourceDate "2013.06.25"]
[SourceVersion "2"]
[SourceVersionDate "2013.06.25"]
[SourceQuality "1"]

1. e4 c5 2. Nf3 g6 3. d4 cxd4 4. Nxd4 Nc6 5. Nc3 Bg7 6. Be3 Nf6 7. Bc4 0-0 8. Bb3 Qa5 9. 0-0 Ng4 10. Qxg4 Nxd4 11. Nd5 e6 12. Bxd4 Bxd4 13. c3 Bg7 14. Ne3 d6 15. Rad1 Qc5 16. Qg3 Rd8 17. Kh1 b5 18. f4 Bb7 19. f5 Bxe4 20. fxe6 fxe6 21. Bxe6+ Kh8 22. Bd5 Be5 23. Qh3 Bxd5 24. Rxd5 Qc6 25. Rfd1 Rf8 26. R5d2 Rf7 27. Ng4 Raf8 28. Qd3 Qe4 29. Nxe5 dxe5 30. Qxb5 Qf4 31. h3 Qg3 32. Rd8 Rxd8 33. Rxd8+ Kg7 34. Rd7 Qe1+ 35. Kh2 Rxd7 36. Qxd7+ Kh6 37. c4 e4 38. Qf7 e3 39. Qf4+ Kg7 40. Qe5+ 1/2-1/2

[Event "North Sea Cup 23th"]
[Site "Esbjerg"]
[Date "2008.07.17"]
[Round "9"]
[White "Kovshoj, Sune"]
[Black "Skaanning Pedersen, Kim Henrik"]
[Result "1-0"]
[WhiteElo "2013"]
[BlackElo "2173"]
[PlyCount "61"]
[EventDate "2008.07.11"]
[EventType "swiss"]
[EventRounds "10"]
[EventCountry "DEN"]
[SourceTitle "CBM 125 Extra"]
[Source "ChessBase"]
[SourceDate "2008.09.01"]
[SourceVersion "1"]
[SourceVersionDate "2008.09.01"]
[SourceQuality "1"]

1. e4 c5 2. Nc3 Nc6 3. g3 g6 4. Bg2 Bg7 5. Nge2 e6 6. 0-0 Nge7 7. d3 0-0 8. Be3 Nd4 9. Qd2 Qa5 10. a3 Nec6 11. Rfb1 Nxe2+ 12. Nxe2 Qxd2 13. Bxd2 b6 14. f4 Nd4 15. Nxd4 Bxd4+ 16. Kf1 Ba6 17. e5 Rac8 18. Ke2 c4 19. c3 cxd3+ 20. Kf1 f6 21. cxd4 Rc2 22. Ke1 fxe5 23. dxe5 g5 24. Bf3 gxf4 25. gxf4 Kh8 26. Bd1 Rc4 27. Rc1 Re4+ 28. Kf2 Bb7 29. Rc3 Rxe5 30. Rxd3 Bc6 31. Bc3 1-0

[Event "North Sea Cup 23th"]
[Site "Esbjerg"]
[Date "2008.07.13"]
[Round "3"]
[White "Skaanning Pedersen, Kim Henrik"]
[Black "Andersen, Daniel"]
[Result "1-0"]
[WhiteElo "2173"]
[BlackElo "1969"]
[PlyCount "69"]
[EventDate "2008.07.11"]
[EventType "swiss"]
[EventRounds "10"]
[EventCountry "DEN"]
[SourceTitle "CBM 125 Extra"]
[Source "ChessBase"]
[SourceDate "2008.09.01"]
[SourceVersion "1"]
[SourceVersionDate "2008.09.01"]
[SourceQuality "1"]

1. e4 e6 2. Nc3 d5 3. Nf3 Nf6 4. e5 Nfd7 5. d4 c5 6. dxc5 Bxc5 7. Bd2 Nc6 8. Bf4 f6 9. exf6 Qxf6 10. Bg3 Nde5 11. Nxe5 Nxe5 12. Qh5+ Nf7 13. Nb5 Bb6 14. Nd6+ Kf8 15. Bh4 Qe5+ 16. Qxe5 Nxe5 17. 0-0-0 Bc7 18. Nb5 Bb8 19. Re1 Bd7 20. Nd4 Ng6 21. Bg3 Nf4 22. Rd1 Kf7 23. Nf3 Ng6 24. c4 Bxg3 25. hxg3 Bc6 26. Ng5+ Kf6 27. Nxe6 dxc4 28. Rd6 Ke7 29. Rxc6 bxc6 30. Nc7 Kd7 31. Nxa8 Rxa8 32. Bxc4 Re8 33. Kd2 Ke7 34. Re1+ Kd7 35. Rxe8 1-0

[Event "North Sea Cup 23th"]
[Site "Esbjerg"]
[Date "2008.07.12"]
[Round "2"]
[White "Ovsejevitsch, Sergei"]
[Black "Skaanning Pedersen, Kim Henrik"]
[Result "1-0"]
[WhiteElo "2582"]
[BlackElo "2173"]
[PlyCount "59"]
[EventDate "2008.07.11"]
[EventType "swiss"]
[EventRounds "10"]
[EventCountry "DEN"]
[SourceTitle "CBM 125 Extra"]
[Source "ChessBase"]
[SourceDate "2008.09.01"]
[SourceVersion "1"]
[SourceVersionDate "2008.09.01"]
[SourceQuality "1"]

1. d4 Nf6 2. c4 c5 3. d5 b5 4. Nf3 e6 5. Bg5 exd5 6. cxd5 d6 7. e4 a6 8. Qc2 Be7 9. Bf4 0-0 10. Be2 Nbd7 11. 0-0 Nh5 12. Be3 f5 13. a4 fxe4 14. Nfd2 Nhf6 15. axb5 Nxd5 16. Bc4 N7b6 17. Nc3 Nxc4 18. Nxd5 Nxd2 19. Bxd2 Bf5 20. bxa6 Kh8 21. Bc3 Bg5 22. Qe2 Rf7 23. f3 exf3 24. Rxf3 Bg4 25. Rxf7 Bxe2 26. Rxg7 Bf6 27. Bxf6 Qxf6 28. Rxh7+ Kxh7 29. Nxf6+ Kg6 30. Ne4 1-0

[Event "North Sea Cup 23th"]
[Site "Esbjerg"]
[Date "2008.07.11"]
[Round "1"]
[White "Skaanning Pedersen, Kim Henrik"]
[Black "Andreasen, Per Naesby"]
[Result "1-0"]
[WhiteElo "2173"]
[BlackElo "1771"]
[PlyCount "41"]
[EventDate "2008.07.11"]
[EventType "swiss"]
[EventRounds "10"]
[EventCountry "DEN"]
[SourceTitle "CBM 125 Extra"]
[Source "ChessBase"]
[SourceDate "2008.09.01"]
[SourceVersion "1"]
[SourceVersionDate "2008.09.01"]
[SourceQuality "1"]

1. e4 c6 2. d4 d5 3. exd5 cxd5 4. Bd3 Nc6 5. c3 Nf6 6. Bf4 Bg4 7. Qb3 Qc8 8. Nd2 e6 9. Ngf3 Bh5 10. 0-0 Bg6 11. Bxg6 hxg6 12. Ne5 Nd7 13. Ndf3 Be7 14. Rae1 a6 15. Nxg6 fxg6 16. Rxe6 Nc5 17. Rxe7+ Nxe7 18. dxc5 Qxc5 19. Ne5 Qb5 20. Qa3 0-0 21. Qxe7 1-0

[Event "North Sea Cup 22nd"]
[Site "Esbjerg"]
[Date "2007.07.17"]
[Round "7"]
[White "Madsen, Michael Bohring"]
[Black "Skaanning Pedersen, Kim Henrik"]
[Result "1-0"]
[WhiteElo "2006"]
[BlackElo "2198"]
[PlyCount "188"]
[EventDate "2007.07.13"]
[EventType "swiss"]
[EventRounds "10"]
[EventCountry "DEN"]
[SourceTitle "CBM 119 Extra"]
[Source "ChessBase"]
[SourceDate "2007.09.04"]
[SourceVersion "1"]
[SourceVersionDate "2007.09.04"]
[SourceQuality "1"]

1. f4 c5 2. Nf3 g6 3. e4 Bg7 4. Bc4 Nc6 5. 0-0 e6 6. Nc3 Nge7 7. e5 d5 8. exd6 Nf5 9. Ne4 Nxd6 10. Qe2 0-0 11. c3 Nxc4 12. Qxc4 b6 13. b4 Nxb4 14. cxb4 Bxa1 15. bxc5 Qd5 16. Qxd5 exd5 17. Nd6 Bg4 18. Ba3 Bg7 19. Ne5 Bxe5 20. fxe5 bxc5 21. Bxc5 Be6 22. d4 Rfb8 23. Ba3 Rb6 24. Rc1 Rab8 25. Rc2 Ra6 26. Bc5 Rb1+ 27. Kf2 g5 28. h3 h5 29. Ne8 h4 30. Nc7 Rc6 31. Nxe6 fxe6 32. Kf3 Rf1+ 33. Kg4 Rf5 34. Rb2 Rc7 35. Rb8+ Kg7 36. Re8 Kf7 37. Rf8+ Kg6 38. Rg8+ Rg7 39. Rxg7+ Kxg7 40. Bxa7 Kg6 41. g3 Rf2 42. gxh4 Rg2+ 43. Kf3 Rxa2 44. Bc5 gxh4 45. Kg4 Rg2+ 46. Kxh4 Kf5 47. Ba7 Kf4 48. Kh5 Rg3 49. Bc5 Kf5 50. Kh4 Rg8 51. Bb6 Kf4 52. Kh5 Kg3 53. h4 Kf4 54. Kh6 Kf5 55. Kh7 Rg4 56. h5 Ke4 57. Bc5 Kd3 58. h6 Kc4 59. Kh8 Rg2 60. Kh7 Kb5 61. Kh8 Kc6 62. Kh7 Kd7 63. Kh8 Ke8 64. Kh7 Kf7 65. Bd6 Rd2 66. Bc5 Rd3 67. Ba7 Rc3 68. Bc5 Rh3 69. Bb6 Rh4 70. Bc5 Rg4 71. Bb6 Ke8 72. Bc5 Kd7 73. Ba7 Kc6 74. Bc5 Kb7 75. Kh8 Ka6 76. Kh7 Kb5 77. Kh8 Kc4 78. Kh7 Kd3 79. Kh8 Ke3 80. Kh7 Kf3 81. Kh8 Kg3 82. Kh7 Kh4 83. Kh8 Kh5 84. Kh7 Rg2 85. Bd6 Rg6 86. Bf8 Kg5 87. Bg7 Kf5 88. Kg8 Rg2 89. h7 Rh2 90. h8Q Rxh8+ 91. Bxh8 Ke4 92. Kf7 Kxd4 93. Kxe6 Kc5 94. Bg7 d4 1-0

[Event "Politiken Cup 25th"]
[Site "Copenhagen"]
[Date "2003.07.24"]
[Round "10"]
[White "Marder, Simon"]
[Black "Skaanning Pedersen, Kim Henrik"]
[Result "0-1"]
[WhiteElo "2067"]
[BlackElo "2187"]
[PlyCount "90"]
[EventDate "2003.07.14"]
[EventType "swiss"]
[EventRounds "11"]
[EventCountry "DEN"]
[SourceTitle "CBM 095 Extra"]
[Source "ChessBase"]
[SourceDate "2003.09.04"]
[SourceVersion "1"]
[SourceVersionDate "2003.09.04"]
[SourceQuality "1"]

1. d4 Nf6 2. Nc3 d5 3. e4 Nxe4 4. Nxe4 dxe4 5. Bc4 c5 6. dxc5 Qxd1+ 7. Kxd1 Nc6 8. Be3 Bg4+ 9. Ne2 0-0-0+ 10. Ke1 e6 11. h3 Bh5 12. a3 Be7 13. Nf4 Bg6 14. b4 Bf6 15. Rd1 Rxd1+ 16. Kxd1 Bb2 17. Ke2 Rd8 18. Rd1 Rxd1 19. Kxd1 Bxa3 20. c3 a5 21. b5 Ne5 22. Be2 Kc7 23. h4 Bf5 24. Nh5 Ng4 25. Nxg7 Nxe3+ 26. fxe3 Bxc5 27. g4 Bg6 28. h5 Kd7 29. hxg6 hxg6 30. Kd2 Bf8 31. Nh5 gxh5 32. gxh5 b6 33. Bd1 Ke7 34. Ke2 f5 35. Kd2 Kf6 36. Ke1 Kg5 37. Kd2 Kh4 38. Ke1 Kg3 39. Ke2 e5 40. Kd2 Kf2 41. c4 f4 42. Bg4 a4 43. c5 Bxc5 44. h6 Bf8 45. h7 Bg7 0-1

[Event "Politiken Cup 25th"]
[Site "Copenhagen"]
[Date "2003.07.18"]
[Round "5"]
[White "Skaanning Pedersen, Kim Henrik"]
[Black "Houska, Jovanka"]
[Result "0-1"]
[WhiteElo "2187"]
[BlackElo "2350"]
[PlyCount "86"]
[EventDate "2003.07.14"]
[EventType "swiss"]
[EventRounds "11"]
[EventCountry "DEN"]
[SourceTitle "CBM 095 Extra"]
[Source "ChessBase"]
[SourceDate "2003.09.04"]
[SourceVersion "1"]
[SourceVersionDate "2003.09.04"]
[SourceQuality "1"]

1. e4 c6 2. d4 d5 3. Nc3 dxe4 4. Nxe4 Bf5 5. Ng3 Bg6 6. h4 h6 7. Bc4 e6 8. N1e2 Nf6 9. Nf4 Bh7 10. Nfh5 Nbd7 11. c3 Nxh5 12. Nxh5 Nf6 13. Bf4 Nxh5 14. Qxh5 Bd6 15. Bxd6 Qxd6 16. Qe5 Qxe5+ 17. dxe5 0-0-0 18. Rd1 b5 19. Be2 a5 20. Bh5 f6 21. Bg4 Rxd1+ 22. Kxd1 Kd7 23. Re1 Rf8 24. exf6 Rxf6 25. Ke2 Be4 26. g3 Bd5 27. Ke3 a4 28. a3 Kd6 29. f4 Rg6 30. Be2 Rxg3+ 31. Kf2 Rg2+ 32. Ke3 Kc5 33. Rd1 g6 34. Re1 h5 35. Rd1 Kd6 36. Re1 Ke7 37. Rf1 Rxe2+ 38. Kxe2 Bc4+ 39. Ke1 Bxf1 40. Kxf1 Kf6 41. Kf2 Kf5 42. Kf3 e5 43. fxe5 Kxe5 0-1

[Event "Gausdal Eikrem Memorial"]
[Site "Gausdal"]
[Date "2000.08.02"]
[Round "5"]
[White "Engelbert, Christoph"]
[Black "Skaanning Pedersen, Kim Henrik"]
[Result "1-0"]
[WhiteElo "2227"]
[BlackElo "2082"]
[PlyCount "59"]
[EventDate "2000.07.30"]
[EventType "swiss"]
[EventRounds "9"]
[EventCountry "NOR"]
[SourceTitle "CBM 077 Extra"]
[Source "ChessBase"]
[SourceDate "2000.09.14"]
[SourceVersion "1"]
[SourceVersionDate "2000.09.14"]
[SourceQuality "1"]

1. e4 g6 2. d4 d6 3. Nf3 Bg7 4. Nc3 Nf6 5. h3 0-0 6. Be3 c6 7. a4 Nbd7 8. a5 Rb8 9. Be2 Qc7 10. 0-0 b5 11. axb6 axb6 12. Qd2 b5 13. e5 b4 14. exf6 bxc3 15. bxc3 Nxf6 16. Ra3 Bf5 17. Bd3 Ne4 18. Qc1 h5 19. g4 hxg4 20. hxg4 Bxg4 21. Bxe4 d5 22. Nh2 Qd7 23. Bg2 Bh3 24. Bxh3 Qxh3 25. Bf4 Ra8 26. Bg3 f5 27. Rxa8 Rxa8 28. Qe3 Kf7 29. Re1 Bf6 30. Qe6+ 1-0

[Event "Gausdal Eikrem Memorial"]
[Site "Gausdal"]
[Date "2000.08.01"]
[Round "3"]
[White "Salmensuu, Olli"]
[Black "Skaanning Pedersen, Kim Henrik"]
[Result "1-0"]
[WhiteElo "2458"]
[BlackElo "2082"]
[PlyCount "59"]
[EventDate "2000.07.30"]
[EventType "swiss"]
[EventRounds "9"]
[EventCountry "NOR"]
[SourceTitle "CBM 077 Extra"]
[Source "ChessBase"]
[SourceDate "2000.09.14"]
[SourceVersion "1"]
[SourceVersionDate "2000.09.14"]
[SourceQuality "1"]

1. e4 c5 2. Nc3 Nc6 3. Nge2 g6 4. d4 cxd4 5. Nxd4 Bg7 6. Be3 Nf6 7. Bc4 0-0 8. Bb3 a5 9. 0-0 Ng4 10. Qxg4 Nxd4 11. Qd1 Nxb3 12. axb3 b6 13. Nd5 Rb8 14. Bg5 Re8 15. c3 h6 16. Bh4 Bb7 17. Re1 d6 18. f3 Bc6 19. Qd2 Rb7 20. Rad1 b5 21. e5 g5 22. Bg3 Rd7 23. e6 fxe6 24. Rxe6 Qa8 25. Ne3 Kf7 26. Qd3 Bf6 27. Ng4 Kxe6 28. Nxh6 Be4 29. fxe4 Rc7 30. e5 1-0